|
|
|
|
| LEADER |
00000nam0a2200000 4500 |
| 001 |
34416 |
| 005 |
20231030225305.0 |
| 035 |
|
|
|a (RuTPU)RU\TPU\book\34810
|
| 035 |
|
|
|a BOOK00001461
|
| 090 |
|
|
|a 34416
|
| 100 |
|
|
|a 20011210d1983 km y0rusy50 ca
|
| 101 |
0 |
|
|a rus
|
| 102 |
|
|
|a RU
|
| 105 |
|
|
|a a z 000zy
|
| 200 |
1 |
|
|a Инструкция по геохимическим методам поисков рудных месторождений
|
| 210 |
|
|
|a Москва
|c Недра
|d 1983
|
| 215 |
|
|
|a 191 с.
|
| 451 |
|
1 |
|0 (RuTPU)RU\TPU\book\35868
|t Инструкция по геохимическим методам поисков рудных месторождений
|c Москва
|n Недра
|d 1965
|p 227 с.
|
| 610 |
1 |
|
|a геология
|
| 610 |
1 |
|
|a рудные месторождения
|
| 610 |
1 |
|
|a разведка
|
| 610 |
1 |
|
|a геохимические методы
|
| 610 |
1 |
|
|a применение
|
| 610 |
1 |
|
|a данные
|
| 610 |
1 |
|
|a инструкции
|
| 610 |
1 |
|
|a условия
|
| 610 |
1 |
|
|a обработка
|
| 675 |
|
|
|a 550.84
|v 3
|
| 801 |
|
0 |
|a RU
|b 63413507
|c 20011210
|g PSBO
|
| 801 |
|
2 |
|a RU
|b 63413507
|c 20181018
|g PSBO
|
| 900 |
|
|
|a Гидрогеохимические методы поисков МПИ
|
| 900 |
|
|
|a Радиогидрогеология и гидрогеохимия
|
| 900 |
|
|
|a Геохимические методы поисков МПИ
|
| 942 |
|
|
|c BK
|